New perspectives on consumer culture theory and research

Bibliographic Details
Corporate Author: ProQuest (Firm)
Other Authors: Zahradka, Pavel., Sedlakova, Renata.
Format: Electronic eBook
Language:English
Published: Newcastle Upon Tyne, UK : Cambridge Scholars Pub., 2012.
Subjects:
Online Access:Click to View
LEADER 01452nam a2200373Ia 4500
001 EBC1133085
003 MiAaPQ
005 20200520144314.0
006 m o d |
007 cr cn|||||||||
008 121003s2012 enka sb 001 0 eng d
020 |z 1443841579 (hbk.) 
020 |z 9781443841573 (hbk.) 
020 |z 9781443846646 
035 |a (MiAaPQ)EBC1133085 
035 |a (Au-PeEL)EBL1133085 
035 |a (CaPaEBR)ebr10676978 
035 |a (CaONFJC)MIL495799 
035 |a (OCoLC)830168257 
040 |a MiAaPQ  |c MiAaPQ  |d MiAaPQ 
050 4 |a HF5415.32  |b .N49 2012 
245 0 0 |a New perspectives on consumer culture theory and research  |h [electronic resource] /  |c editors, Pavel Zahradka and Renata Sedlakova. 
260 |a Newcastle Upon Tyne, UK :  |b Cambridge Scholars Pub.,  |c 2012. 
300 |a vi, 261 p. :  |b ill.  
504 |a Includes bibliographical references and index. 
533 |a Electronic reproduction. Ann Arbor, MI : ProQuest, 2015. Available via World Wide Web. Access may be limited to ProQuest affiliated libraries. 
650 0 |a Consumers  |x Research  |v Congresses. 
650 0 |a Consumption behavior  |x Social aspects  |v Congresses. 
650 0 |a Consumption (Economics)  |x Social aspects. 
655 4 |a Electronic books. 
700 1 |a Zahradka, Pavel. 
700 1 |a Sedlakova, Renata. 
710 2 |a ProQuest (Firm) 
856 4 0 |u https://ebookcentral.proquest.com/lib/matrademy/detail.action?docID=1133085  |z Click to View